[Event "Tournoi francophone 014 Groupe F"]
[Site "Skype"]
[Date "????.??.??"]
[Round "6.8"]
[White "Fernandez, Raquel"]
[Black "Abate, Luigi"]
[Result "1/2-1/2"]
[WhiteElo "1043"]
[BlackElo "1189"]
[PlyCount "37"]

1. e4 Nc6 2. d4 d6 3. Nf3 Bg4 4. Be2 Nf6 5. Nc3 e5 6. dxe5 Nxe5 7. Nd5 Nxe4 8.
O-O c6 9. Nxe5 Bxe2 10. Qxe2 cxd5 11. Ng4 Be7 12. c4 f5 13. f3 fxg4 14. fxe4
dxc4 15. Qxg4 Bf6 16. Bg5 O-O 17. Qe6+ Kh8 18. Rf5 h6 19. e5 1/2-1/2

[Event "Tournoi francophone 014 Groupe F"]
[Site "Skype"]
[Date "????.??.??"]
[Round "6.9"]
[White "Schnell, Nicolas"]
[Black "Moraga Vasquez, Michael"]
[Result "1-0"]
[WhiteElo "1099"]
[BlackElo "1000"]
[PlyCount "53"]

1. e4 e5 2. Nc3 d6 3. Bc4 Nf6 4. Nf3 Be7 5. O-O O-O 6. d4 Bg4 7. d5 c6 8. Be2
Nbd7 9. Qd2 Nb6 10. Ng5 Nxe4 11. Ngxe4 Bxe2 12. Qxe2 cxd5 13. Qg4 dxe4 14. Bh6
g6 15. Nxe4 f5 16. Qf3 Re8 17. Qb3+ d5 18. Ng5 Bxg5 19. Rfd1 Bxh6 20. Qf3 e4
21. Qb3 Nc4 22. Re1 Nd2 23. Qxb7 Qg5 24. Qxd5+ Kf8 25. Re2 Nf3+ 26. Kh1 Qxg2+
27. Kxg2 1-0

[Event "Tournoi francophone 014 Groupe F"]
[Site "Skype"]
[Date "????.??.??"]
[Round "6.10"]
[White "Tachnakian, Alain"]
[Black "Porcabeuf, Jean-Marc"]
[Result "0-1"]
[WhiteElo "1000"]
[BlackElo "1229"]
[PlyCount "62"]

1. e4 c5 2. Nf3 Nc6 3. Bc4 Nf6 4. d4 cxd4 5. Bxf7+ Kxf7 6. Qe2 e5 7. Qc4+ d5 8.
exd5 Nxd5 9. Nxe5+ Nxe5 10. Qxd4 Nc6 11. Qc4 Be6 12. Qh4 Qxh4 13. O-O Bc5 14.
Be3 Qxh2+ 15. Kxh2 Bd6+ 16. f4 Nxe3 17. Rf3 Nf5 18. Nc3 Rhf8 19. Rd1 Kg8 20.
Rfd3 Bxf4+ 21. g3 Nxg3 22. Rf3 Nf1+ 23. Kg2 Nh2 24. Rxf4 Rxf4 25. Kxh2 Raf8 26.
Kg1 Nd4 27. Ne2 Rg4+ 28. Kh2 Rg6 29. Nxd4 Rf2+ 30. Kh1 Bd5+ 31. Nf3 Bxf3# 0-1

[Event "Tournoi francophone 014 Groupe F"]
[Site "Skype"]
[Date "????.??.??"]
[Round "6.11"]
[White "Hampton, Irene"]
[Black "Gagnon, Sindy"]
[Result "1-0"]
[WhiteElo "1000"]
[BlackElo "1043"]
[PlyCount "115"]

1. d4 d5 2. Nf3 Nf6 3. e3 b6 4. Bd3 c6 5. Ne5 Qc7 6. f4 g6 7. O-O Bg7 8. c3 O-O
9. Nd2 Nfd7 10. Ndf3 c5 11. Bb5 Nxe5 12. Nxe5 f6 13. Nf3 Re8 14. Bxe8 Ba6 15.
Rf2 Qd8 16. Ba4 Bb7 17. f5 gxf5 18. Nh4 Bc6 19. Bc2 e5 20. Nxf5 Bf8 21. Qd3 e4
22. Qe2 Bd7 23. Nh6+ Bxh6 24. Qh5 Kg7 25. Bd1 Kf8 26. h3 f5 27. Qxh6+ Ke7 28.
Qxh7+ Kd6 29. Qh5 Qg8 30. g4 fxg4 31. hxg4 Bxg4 32. Qxg4 Qe6 33. Qf5 Qg8+ 34.
Qg4 Qd8 35. Qh3 a5 36. a3 b5 37. Bg4 Kc7 38. Rf4 Kb6 39. Bd2 b4 40. cxb4 axb4
41. a4 Na6 42. Qh6+ Kb7 43. Rf7+ Kb8 44. Qh7 Qb6 45. Rb1 Nc7 46. Bd7 Ka7 47.
Ra1 cxd4 48. a5 Qd6 49. Be1 dxe3 50. Ra4 e2 51. a6 Qc5+ 52. Rf2 e3 53. Rf6 Qc1
54. Kg2 Qxb2 55. Qf7 Qe5 56. Rxb4 Qg5+ 57. Kf3 Qg1 58. Rb7# 1-0

[Event "Tournoi francophone 014 Groupe F"]
[Site "Skype"]
[Date "????.??.??"]
[Round "7.1"]
[White "Ortis, Yves"]
[Black "Ibanez, Bittor"]
[Result "0-1"]
[WhiteElo "1000"]
[BlackElo "1000"]
[PlyCount "128"]

1. d4 f5 2. Bf4 Nf6 3. c3 g6 4. e3 Bg7 5. h3 d5 6. Bb5+ c6 7. Bd3 Be6 8. Nf3
Nbd7 9. Ng5 Bf7 10. Nxf7 Kxf7 11. Nd2 Re8 12. Nf3 Ne4 13. Bxe4 dxe4 14. Ng5+
Kg8 15. Ne6 Qb6 16. Nc7 Qxb2 17. O-O e5 18. Bg5 h6 19. Bh4 Bf6 20. Bxf6 Nxf6
21. Nxe8 Rxe8 22. Rb1 Qxc3 23. dxe5 Nd5 24. Rb3 Qxe5 25. Rxb7 Nc3 26. Qb3+ Qd5
27. Qxc3 Re5 28. Rfb1 c5 29. Rb8+ Kf7 30. R1b7+ Kf6 31. Rf8+ Kg5 32. Rb1 Qd6
33. Rg8 a5 34. g3 Rd5 35. h4+ Kh5 36. Qe1 Rd2 37. Rgb8 Rxa2 38. R1b2 Kg4 39.
Kg2 f4 40. exf4 Rxb2 41. Rxb2 Qd3 42. Qe3 c4 43. Qxd3 exd3 44. f3+ Kf5 45. Rb5+
Kf6 46. Rc5 d2 47. Rd5 c3 48. Rd6+ Kf5 49. g4+ Kxf4 50. Rd4+ Ke3 51. Rc4 d1=Q
52. Rxc3+ Kd2 53. Rc4 Qe2+ 54. Kg3 Qxc4 55. g5 h5 56. f4 Qd3+ 57. Kf2 Qe3+ 58.
Kg2 Qe2+ 59. Kg3 Qg4+ 60. Kf2 Qxh4+ 61. Kf3 Qg4+ 62. Ke4 h4 63. Ke5 Qf5+ 64.
Kd4 h3 0-1

[Event "Tournoi francophone 014 Groupe F"]
[Site "Skype"]
[Date "????.??.??"]
[Round "7.2"]
[White "Rodriguez Tovar, Liliana"]
[Black "Tinti, Jacopo"]
[Result "1-0"]
[WhiteElo "1000"]
[BlackElo "1000"]
[PlyCount "75"]

1. d4 Nf6 2. e3 g6 3. Nf3 Bg7 4. Bd3 O-O 5. Nbd2 d6 6. c4 Nbd7 7. b3 e5 8. Bb2
Ne8 9. O-O f5 10. e4 f4 11. c5 Ndf6 12. Bc4+ Kh8 13. dxe5 dxe5 14. Bxe5 Qe7 15.
Bxf4 Qxc5 16. e5 Ng4 17. Ne4 Qc6 18. Neg5 Rxf4 19. Nf7+ Rxf7 20. Bxf7 Bxe5 21.
Nxe5 Nxe5 22. Qd4 Qf6 23. Bxe8 Be6 24. Bxg6 hxg6 25. f4 Qd8 26. Qxe5+ Kh7 27.
Qxe6 Qd4+ 28. Kh1 Rd8 29. Qe7+ Kh6 30. Rad1 Qxd1 31. Kg1 Qd4+ 32. Kh1 Qd2 33.
Qxc7 Qe2 34. Kg1 Qe3+ 35. Kh1 Rd2 36. h3 Qg3 37. Qxb7 Qxg2+ 38. Qxg2 1-0

[Event "Tournoi francophone 014 Groupe F"]
[Site "Skype"]
[Date "????.??.??"]
[Round "7.3"]
[White "Yepez, German"]
[Black "Esformes, Jacques"]
[Result "1-0"]
[WhiteElo "1000"]
[BlackElo "1000"]
[PlyCount "77"]

1. e4 e5 2. Nf3 Nc6 3. Bb5 a6 4. Ba4 f6 5. d4 d6 6. Nc3 Nge7 7. Be3 h6 8. a3 b5
9. Bb3 Bg4 10. h3 Bxf3 11. Qxf3 Qd7 12. Nd5 O-O-O 13. dxe5 Nxe5 14. Qe2 Qc6 15.
O-O g6 16. Rac1 Bg7 17. Nxe7+ Kd7 18. Nxc6 Nxc6 19. Bd5 Rb8 20. b4 Rhe8 21. c4
f5 22. cxb5 Rxb5 23. Bxc6+ Ke7 24. Bxb5 axb5 25. Rxc7+ Kf8 26. Qxb5 Re7 27.
Qb8+ Kf7 28. exf5 gxf5 29. Bf4 Bf6 30. Bxd6 Rxc7 31. Qxc7+ Kg6 32. Re1 f4 33.
Re6 Kf5 34. Qf7 h5 35. Rxf6+ Ke4 36. Rxf4+ Kd3 37. Qb3+ Kd2 38. Re4 Kc1 39.
Bf4# 1-0

[Event "Tournoi francophone 014 Groupe F"]
[Site "Skype"]
[Date "????.??.??"]
[Round "7.4"]
[White "Coude, Josue"]
[Black "Montilla Bejarano, Carmen"]
[Result "1/2-1/2"]
[WhiteElo "1078"]
[BlackElo "1073"]
[PlyCount "56"]

1. e4 e5 2. Nf3 Nc6 3. Bc4 Nf6 4. d3 d5 5. exd5 Nxd5 6. Nc3 Bb4 7. Bd2 Nxc3 8.
bxc3 Bc5 9. O-O Bg4 10. h3 Bh5 11. g4 Bg6 12. Ng5 h6 13. Ne4 Bb6 14. Rb1 Qh4
15. Kg2 O-O-O 16. Be3 Bxe4+ 17. f3 Bg6 18. Bxb6 axb6 19. Qe2 h5 20. Qe1 Qg5 21.
h4 Qf4 22. g5 f6 23. Qg3 Qxg3+ 24. Kxg3 fxg5 25. hxg5 h4+ 26. Kh3 Bf5+ 27. Kh2
Ne7 28. Rfe1 Ng6 1/2-1/2

[Event "Tournoi francophone 014 Groupe F"]
[Site "Skype"]
[Date "????.??.??"]
[Round "7.5"]
[White "Dib, Catherine"]
[Black "Tolaro, Filippa"]
[Result "1-0"]
[WhiteElo "1070"]
[BlackElo "1065"]
[PlyCount "46"]

1. c4 Nf6 2. d4 d5 3. cxd5 Qxd5 4. Nc3 Qd8 5. g3 Bf5 6. Bg2 c6 7. Nf3 e6 8. Bd2
Bd6 9. O-O Nbd7 10. Bg5 h6 11. Bd2 c5 12. Re1 O-O 13. e4 Bg4 14. e5 Bxf3 15.
Bxf3 Nxe5 16. dxe5 Bxe5 17. Rxe5 Qb6 18. b3 Rfd8 19. Qc2 Rac8 20. Na4 Qd6 21.
Bf4 b5 22. Nc3 Qd4 23. Rd1 Qxf4 1-0

[Event "Tournoi francophone 014 Groupe F"]
[Site "Skype"]
[Date "????.??.??"]
[Round "7.6"]
[White "Douichi, Mohammed"]
[Black "Schnell, Nicolas"]
[Result "1-0"]
[WhiteElo "1203"]
[BlackElo "1099"]
[PlyCount "25"]

1. d4 c6 2. e4 e6 3. Nf3 Nf6 4. e5 Ne4 5. Bd3 Qh4 6. Nxh4 f5 7. Qh5+ g6 8. Nxg6
Rg8 9. Qxh7 Bb4+ 10. c3 Nf6 11. exf6 Bd6 12. Qxg8+ Bf8 13. Qxf8# 1-0

[Event "Tournoi francophone 014 Groupe F"]
[Site "Skype"]
[Date "????.??.??"]
[Round "7.8"]
[White "Trapletti, Cosetta"]
[Black "Fernandez, Raquel"]
[Result "1/2-1/2"]
[WhiteElo "1026"]
[BlackElo "1043"]
[PlyCount "41"]

1. c4 e5 2. e4 Nf6 3. d3 Bb4+ 4. Nc3 Nc6 5. Nf3 d6 6. Be3 b6 7. a3 Bc5 8. Qd2
O-O 9. Nd5 Bxe3 10. Qxe3 Nxd5 11. cxd5 Nd4 12. Nxd4 exd4 13. Qxd4 c5 14. Qe3
Re8 15. g3 Qf6 16. Bg2 Qxb2 17. O-O Bg4 18. h3 Be2 19. Rfe1 Bh5 20. Qf4 Qf6 21.
Qe3 1/2-1/2

[Event "Tournoi francophone 014 Groupe F"]
[Site "Skype"]
[Date "????.??.??"]
[Round "7.9"]
[White "Blanchard, Colette"]
[Black "Hampton, Irene"]
[Result "1-0"]
[WhiteElo "1000"]
[BlackElo "1000"]
[PlyCount "81"]

1. d4 d5 2. Bf4 b6 3. Nf3 Bb7 4. e3 e6 5. Bd3 Nf6 6. Nbd2 c6 7. O-O Be7 8. h3
Nbd7 9. c3 O-O 10. Qc2 a5 11. Ne5 Nh5 12. Bh2 f6 13. Bxh7+ Kh8 14. Ng6+ Kxh7
15. Nxf8+ Kg8 16. Nxe6 Qc8 17. Qg6 Nf8 18. Qxh5 Nxe6 19. Rfe1 c5 20. Rac1 c4
21. b3 Ba3 22. Rc2 Nc7 23. f3 b5 24. e4 b4 25. exd5 Nxd5 26. Nxc4 Qc7 27. Nxa3
bxa3 28. c4 Qd7 29. cxd5 Rf8 30. Rc5 f5 31. Re5 a4 32. b4 Ba6 33. g4 Bd3 34.
Rc1 f4 35. Bxf4 Rxf4 36. Qe8+ Kh7 37. Qxd7 Bg6 38. Qa7 Kh6 39. Qxa4 Bf5 40.
Rxf5 g6 41. Rxf4 1-0

[Event "Tournoi francophone 014 Groupe F"]
[Site "Skype"]
[Date "????.??.??"]
[Round "7.11"]
[White "Gagnon, Sindy"]
[Black "Tachnakian, Alain"]
[Result "1-0"]
[WhiteElo "1043"]
[BlackElo "1000"]
[PlyCount "65"]

1. e4 d5 2. Nc3 dxe4 3. Nxe4 e5 4. Nf3 Bg4 5. Be2 Bxf3 6. Bxf3 Nf6 7. Nc3 Bc5
8. O-O Bd4 9. Bxb7 Bxc3 10. bxc3 Nc6 11. Bxc6+ Nd7 12. Bxa8 Qxa8 13. f3 h5 14.
d4 h4 15. g3 hxg3 16. hxg3 e4 17. d5 e3 18. Bxe3 Nf6 19. c4 Ng4 20. fxg4 c6 21.
Bd4 cxd5 22. Qf3 f6 23. Rfe1+ Kf7 24. Rad1 Qd8 25. cxd5 Re8 26. Be3 Qe7 27. d6
Qd7 28. c4 g6 29. Rf1 f5 30. gxf5 g5 31. Qh5+ Kf6 32. Bxg5+ Ke5 33. Qe2# 1-0

[Event "Tournoi francophone 014 Groupe F"]
[Site "Skype"]
[Date "????.??.??"]
[Round "8.1"]
[White "Rodriguez Tovar, Liliana"]
[Black "Douichi, Mohammed"]
[Result "0-1"]
[WhiteElo "1000"]
[BlackElo "1203"]
[PlyCount "84"]

1. d4 Nf6 2. e3 d5 3. Nf3 Bf5 4. Nbd2 Nc6 5. c3 e6 6. Ne5 Qd6 7. Ndf3 Nxe5 8.
dxe5 Qe7 9. exf6 Qxf6 10. Be2 Bd6 11. Qa4+ c6 12. O-O O-O 13. Qb3 b6 14. c4 Be4
15. Nd4 Qh6 16. h3 c5 17. f3 dxc4 18. Qxc4 Bd5 19. e4 Bxc4 20. Bxh6 cxd4 21.
Bxc4 gxh6 22. a4 Bc5 23. Kh1 a5 24. f4 Rfd8 25. Bd3 f6 26. f5 exf5 27. Rxf5 Kg7
28. e5 fxe5 29. Raf1 Rf8 30. Rxe5 Rxf1+ 31. Bxf1 Rf8 32. Be2 Kf6 33. Re4 Kf7
34. Bc4+ Kg6 35. g4 Rf2 36. Re6+ Kg5 37. b3 h5 38. Re5+ Kf4 39. Rf5+ Kg3 40.
Rxh5 Rh2+ 41. Kg1 d3+ 42. Kf1 Rh1# 0-1

[Event "Tournoi francophone 014 Groupe F"]
[Site "Skype"]
[Date "????.??.??"]
[Round "8.2"]
[White "Ibanez, Bittor"]
[Black "Coude, Josue"]
[Result "1-0"]
[WhiteElo "1000"]
[BlackElo "1078"]
[PlyCount "51"]

1. Nf3 Nc6 2. c4 e5 3. Nc3 Bc5 4. Ne4 Bb4 5. a3 Ba5 6. b4 Bb6 7. c5 Bxc5 8.
Nxc5 d6 9. Ne4 d5 10. Nc5 b6 11. Nb3 e4 12. Nfd4 Nxd4 13. Nxd4 Qf6 14. e3 c5
15. Bb5+ Bd7 16. Bxd7+ Kxd7 17. Qa4+ Ke7 18. bxc5 bxc5 19. Rb1 Nh6 20. Nc6+ Kd6
21. Nxa7 Qe7 22. Rb6+ Kc7 23. Qc6+ Kd8 24. Qxa8+ Kc7 25. Qc6+ Kd8 26. Rb8# 1-0

[Event "Tournoi francophone 014 Groupe F"]
[Site "Skype"]
[Date "????.??.??"]
[Round "8.3"]
[White "Tinti, Jacopo"]
[Black "Yepez, German"]
[Result "1-0"]
[WhiteElo "1000"]
[BlackElo "1000"]
[PlyCount "102"]

1. c4 e5 2. Nc3 Nc6 3. g3 d6 4. Bg2 Bd7 5. Nf3 Nf6 6. d3 h6 7. O-O Be7 8. a3
Be6 9. Qb3 Rb8 10. Be3 b6 11. Nd2 Na5 12. Qa4+ Qd7 13. Qb4 c5 14. Qb5 O-O 15.
Qa6 Rfc8 16. b4 Nc6 17. b5 Nd8 18. Nde4 Rc7 19. Nxf6+ Bxf6 20. Qa4 Be7 21. Ne4
f5 22. Nd2 Nf7 23. f4 exf4 24. Bxf4 Rf8 25. Qc2 g5 26. Be3 Nh8 27. d4 Qe8 28.
d5 Bc8 29. Nf3 Qf7 30. a4 Ng6 31. a5 Be6 32. dxe6 Qxe6 33. Qd3 Bf6 34. Ra2 Be5
35. axb6 axb6 36. Ra6 f4 37. Bd2 fxg3 38. h3 Bf4 39. Bc3 Ne5 40. Qe4 Nxf3+ 41.
Bxf3 Qxe4 42. Bxe4 Rb8 43. Rfa1 Be5 44. Ra8 Rcc8 45. R8a7 Bd4+ 46. Bxd4 cxd4
47. Bh7+ Kh8 48. Rf1 Rxc4 49. Rff7 Rc3 50. Bg6 h5 51. Rh7+ Kg8 1-0

[Event "Tournoi francophone 014 Groupe F"]
[Site "Skype"]
[Date "????.??.??"]
[Round "8.4"]
[White "Montilla Bejarano, Carmen"]
[Black "Esformes, Jacques"]
[Result "0-1"]
[WhiteElo "1073"]
[BlackElo "1000"]
[PlyCount "82"]

1. e4 d6 2. Nc3 c6 3. Nf3 f6 4. h3 e5 5. d3 Be7 6. Be2 g5 7. g4 Qc7 8. Be3 Nd7
9. Qd2 b5 10. b4 Nh6 11. a4 Ba6 12. axb5 Bxb5 13. Nxb5 cxb5 14. d4 Nf7 15. d5
Bd8 16. Bxb5 Qb8 17. Qd3 Ke7 18. Qc4 Qc7 19. Qxc7 Bxc7 20. Bc6 Rac8 21. Bxd7
Kxd7 22. Rxa7 Rb8 23. c3 Rhc8 24. O-O Nd8 25. Rb1 Ke8 26. b5 Bb6 27. Rxh7 Bxe3
28. fxe3 Nf7 29. b6 Rxc3 30. Kf2 Rc2+ 31. Ke1 Kf8 32. Kd1 Rg2 33. Nd2 Kg8 34.
Rxf7 Kxf7 35. Kc2 Rh2 36. Kc3 Rxh3 37. Nc4 Ke7 38. Kb4 Rh4 39. Na5 Kd7 40. b7
Rxg4 41. Nc6 Rxb7+ 0-1

[Event "Tournoi francophone 014 Groupe F"]
[Site "Skype"]
[Date "????.??.??"]
[Round "8.5"]
[White "Ortis, Yves"]
[Black "Dib, Catherine"]
[Result "1-0"]
[WhiteElo "1000"]
[BlackElo "1070"]
[PlyCount "43"]

1. d4 Nf6 2. c4 g6 3. Nc3 d6 4. h3 Bg7 5. e3 O-O 6. Nf3 Nbd7 7. Bd3 b6 8. O-O
Bb7 9. e4 Re8 10. Re1 e5 11. Bg5 Qc8 12. Qd2 exd4 13. Nd5 Nxd5 14. cxd5 c5 15.
Rac1 a6 16. Qf4 Ne5 17. Nxe5 Bxe5 18. Qd2 Qc7 19. f4 Bg7 20. f5 c4 21. Bxc4 b5
22. Bxb5 1-0

[Event "Tournoi francophone 014 Groupe F"]
[Site "Skype"]
[Date "????.??.??"]
[Round "8.6"]
[White "Abate, Luigi"]
[Black "Blanchard, Colette"]
[Result "1-0"]
[WhiteElo "1189"]
[BlackElo "1000"]
[PlyCount "77"]

1. e4 d6 2. c4 Nf6 3. Nc3 g6 4. Nge2 c5 5. b3 Bg7 6. Bb2 Nc6 7. Nd5 e5 8. h3
O-O 9. d3 Be6 10. Nec3 Nxd5 11. cxd5 Ne7 12. dxe6 fxe6 13. Be2 d5 14. Bg4 Qd7
15. exd5 Nxd5 16. Ne4 b6 17. O-O Qe7 18. Rc1 Rad8 19. a3 Nf4 20. Rc3 Rd7 21.
Re1 Qd8 22. Re3 h5 23. g3 hxg4 24. gxf4 gxh3 25. Rxh3 Rxf4 26. Qe2 Kf7 27. Bc1
Rh4 28. Bg5 Rxh3 29. Bxd8 Rxd8 30. Ng5+ Ke7 31. Nxh3 Rf8 32. Qe4 Rf6 33. Qb7+
Kf8 34. Qxa7 Kg8 35. Qxb6 Bf8 36. Ng5 Kg7 37. Nxe6+ Kh6 38. Qc6 Be7 39. Qh1#
1-0

[Event "Tournoi francophone 014 Groupe F"]
[Site "Skype"]
[Date "????.??.??"]
[Round "8.7"]
[White "Tolaro, Filippa"]
[Black "Fernandez, Raquel"]
[Result "1-0"]
[WhiteElo "1065"]
[BlackElo "1043"]
[PlyCount "46"]

1. Nf3 d5 2. d4 Nc6 3. b3 Nf6 4. Bb2 Bf5 5. e3 e6 6. Be2 Bd6 7. Nbd2 O-O 8. O-O
a6 9. Ne5 Bxe5 10. dxe5 Ne4 11. Nxe4 Bxe4 12. f3 Bf5 13. Bd3 Bxd3 14. Qxd3 g6
15. f4 f5 16. Rad1 Nb4 17. Qd4 Nxc2 18. Qc3 Nxe3 19. Qxe3 Rc8 20. Rf3 h5 21.
Qe1 g5 22. fxg5 Qxg5 23. Rg3 Qxg3 1-0

[Event "Tournoi francophone 014 Groupe F"]
[Site "Skype"]
[Date "????.??.??"]
[Round "8.8"]
[White "Moraga Vasquez, Michael"]
[Black "Trapletti, Cosetta"]
[Result "1-0"]
[WhiteElo "1000"]
[BlackElo "1026"]
[PlyCount "71"]

1. e4 e5 2. Nf3 Nc6 3. Bc4 Bc5 4. c3 Nf6 5. d4 Be7 6. Nbd2 exd4 7. cxd4 Nxd4 8.
Nxd4 c5 9. Nf5 O-O 10. O-O d6 11. Nxe7+ Qxe7 12. Bb3 Bg4 13. Qe1 Qe6 14. Bxe6
Bxe6 15. Nf3 Bc4 16. Bg5 Bxf1 17. Bxf6 gxf6 18. Qxf1 Rfe8 19. Qd3 Rad8 20. Qc3
Re6 21. h3 h5 22. Re1 Kg7 23. Qa5 b6 24. Qxa7 Rde8 25. Qxb6 c4 26. Qb5 Rxe4 27.
Qxh5 R4e5 28. Rxe5 dxe5 29. a4 Ra8 30. Nd2 Rxa4 31. Qd1 Rb4 32. b3 c3 33. Nb1
Rd4 34. Qc1 c2 35. Qxc2 Re4 36. Qxe4 1-0

[Event "Tournoi francophone 014 Groupe F"]
[Site "Skype"]
[Date "????.??.??"]
[Round "8.9"]
[White "Schnell, Nicolas"]
[Black "Gagnon, Sindy"]
[Result "0-1"]
[WhiteElo "1099"]
[BlackElo "1043"]
[PlyCount "78"]

1. e4 e5 2. Nf3 c6 3. Nxe5 Qf6 4. Qh5 Bd6 5. Ng4 Qe7 6. Bc4 Nf6 7. Nxf6+ Qxf6
8. Qe2 b5 9. Bd3 O-O 10. Qh5 h6 11. O-O Bb7 12. e5 Bxe5 13. Be4 g6 14. Qxh6 Qf4
15. Qh3 Qxe4 16. d3 Qf5 17. Qh6 Bg7 18. Qe3 Be5 19. Qc5 d6 20. Qe3 Re8 21. Bd2
Qh5 22. h3 Nd7 23. Nc3 Nf6 24. Ne4 Ng4 25. Ng3 Qh7 26. Bc3 Nxe3 27. fxe3 Bxg3
28. Rf3 Bh4 29. Raf1 f5 30. e4 fxe4 31. Rf7 Qh5 32. Rg7+ Kh8 33. Rff7 Qd1+ 34.
Kh2 exd3 35. Rg8+ Kxg8 36. Rg7+ Kf8 37. Rxg6 Re3 38. Bg7+ Ke7 39. Rh6 Bg3# 0-1

[Event "Tournoi francophone 014 Groupe F"]
[Site "Skype"]
[Date "????.??.??"]
[Round "8.10"]
[White "Hampton, Irene"]
[Black "Porcabeuf, Jean-Marc"]
[Result "0-1"]
[WhiteElo "1000"]
[BlackElo "1229"]
[PlyCount "62"]

1. d4 d5 2. Nf3 e6 3. e3 Nf6 4. Bd3 Bd6 5. O-O O-O 6. c4 c6 7. g3 Re8 8. c5 Bc7
9. Nc3 b6 10. b4 bxc5 11. Ba3 cxd4 12. exd4 Nbd7 13. Qc2 e5 14. Nxe5 Nxe5 15.
Be2 Ng6 16. b5 cxb5 17. Nxb5 Bb6 18. Bb2 Bd7 19. a4 Rc8 20. Bc3 Ne4 21. Ra3 Qg5
22. Qb3 Nf4 23. Bf3 Nh3+ 24. Kg2 Nf6 25. Nd6 Bg4 26. Bxg4 Qxg4 27. f3 Re2+ 28.
Kh1 Nf2+ 29. Kg1 Qxf3 30. Qxd5 Nxd5 31. a5 Nh3# 0-1

[Event "Tournoi francophone 014 Groupe F"]
[Site "Skype"]
[Date "????.??.??"]
[Round "9.1"]
[White "Esformes, Jacques"]
[Black "Ibanez, Bittor"]
[Result "0-1"]
[WhiteElo "1000"]
[BlackElo "1000"]
[PlyCount "110"]

1. d4 Nf6 2. f3 d5 3. Bf4 Bf5 4. g4 Bg6 5. e3 e6 6. Bd3 Bd6 7. c3 Bxf4 8. exf4
O-O 9. Ne2 Nbd7 10. Bxg6 fxg6 11. Nd2 c5 12. Nb3 Qc7 13. Rc1 c4 14. Nc5 Nxc5
15. dxc5 Qxc5 16. Qd4 Qxd4 17. Nxd4 h5 18. Nxe6 Rae8 19. O-O Rxe6 20. g5 Nd7
21. Rcd1 Rf5 22. Rd4 Re2 23. Rf2 Rxf2 24. Kxf2 Nc5 25. Kg3 Ne6 26. Rd1 h4+ 27.
Kxh4 Rxf4+ 28. Kg3 Rf5 29. Re1 Rxg5+ 30. Kh4 Rh5+ 31. Kg3 Nc5 32. h4 Nd3 33.
Re7 Nxb2 34. Rxb7 Na4 35. Rxa7 Nxc3 36. Ra6 Ne2+ 37. Kg4 Rh6 38. Ra8+ Kf7 39.
Ra7+ Kf6 40. Rd7 d4 41. Rd6+ Ke5 42. Rd8 c3 43. Re8+ Kf6 44. Rxe2 d3 45. Re3 c2
46. Rxd3 c1=Q 47. Rd6+ Kf7 48. Rd7+ Ke6 49. Rd4 Qg1+ 50. Kh3 Qxd4 51. Kg3 Qxh4+
52. Kg2 Qh2+ 53. Kf1 Qd2 54. Kg1 Rh2 55. f4 Qf2# 0-1

[Event "Tournoi francophone 014 Groupe F"]
[Site "Skype"]
[Date "????.??.??"]
[Round "9.2"]
[White "Rodriguez Tovar, Liliana"]
[Black "Ortis, Yves"]
[Result "0-1"]
[WhiteElo "1000"]
[BlackElo "1000"]
[PlyCount "76"]

1. d4 e6 2. e3 c5 3. Nf3 h6 4. Bd3 cxd4 5. Nxd4 Bb4+ 6. c3 Bc5 7. b3 a6 8. Bb2
Nf6 9. Nf3 d6 10. Nbd2 b5 11. b4 Bb6 12. a4 Bb7 13. axb5 O-O 14. bxa6 Bxa6 15.
b5 Bb7 16. O-O Qc7 17. Nc4 Nbd7 18. Rc1 Nc5 19. Bb1 Na4 20. Nxb6 Qxb6 21. Qe2
Rfc8 22. c4 Ne4 23. Bd4 Qa5 24. Bxe4 Bxe4 25. Ra1 e5 26. Nxe5 dxe5 27. Bxe5 Bf5
28. e4 Be6 29. Bd4 Qb4 30. Rab1 Qxc4 31. Qxc4 Bxc4 32. b6 Bxf1 33. b7 Bd3 34.
bxc8=Q+ Rxc8 35. Re1 Nc5 36. f3 Ne6 37. e5 Nxd4 38. f4 Ne2+ 0-1

[Event "Tournoi francophone 014 Groupe F"]
[Site "Skype"]
[Date "????.??.??"]
[Round "9.3"]
[White "Douichi, Mohammed"]
[Black "Yepez, German"]
[Result "0-1"]
[WhiteElo "1203"]
[BlackElo "1000"]
[PlyCount "108"]

1. e4 e5 2. Nf3 Nc6 3. Bc4 d6 4. d4 exd4 5. Nxd4 Ne5 6. Bb3 Bd7 7. Bf4 Nc6 8.
Nf3 Nf6 9. Nc3 Na5 10. O-O Be7 11. e5 Nxb3 12. cxb3 Nh5 13. Qd4 Nxf4 14. Qxf4
Bc6 15. exd6 Qxd6 16. Ne5 Bf6 17. Rfe1 O-O 18. Rad1 Bxe5 19. Rxe5 Qg6 20. Rg5
Qc2 21. Rb1 Rad8 22. Qg4 g6 23. Re5 Rd3 24. Re2 Rd2 25. Rxd2 Qxd2 26. Ne4 Bxe4
27. Qxe4 Rd8 28. Qf3 Rd3 29. Qg4 f5 30. Qc4+ Kg7 31. Qxc7+ Rd7 32. Qc3+ Qxc3
33. bxc3 Rd2 34. Ra1 b5 35. Kf1 Rc2 36. c4 bxc4 37. bxc4 Rxc4 38. Rb1 Ra4 39.
Rb7+ Kh6 40. Rb2 a5 41. g3 f4 42. g4 f3 43. h3 Kg5 44. Kg1 Rb4 45. Rc2 a4 46.
Kh2 a3 47. Rc5+ Kh4 48. Ra5 Rb2 49. Rxa3 Rxf2+ 50. Kg1 Kg3 51. g5 Rb2 52. Rb3
Rc2 53. Rb1 Rxa2 54. Kf1 Rh2 0-1

[Event "Tournoi francophone 014 Groupe F"]
[Site "Skype"]
[Date "????.??.??"]
[Round "9.4"]
[White "Tinti, Jacopo"]
[Black "Abate, Luigi"]
[Result "0-1"]
[WhiteElo "1000"]
[BlackElo "1189"]
[PlyCount "60"]

1. c4 c5 2. Nc3 Nf6 3. g3 d6 4. Bg2 a6 5. d3 e5 6. Nf3 h6 7. O-O Be7 8. Qa4+
Bd7 9. Qb3 Bc6 10. Be3 O-O 11. Na4 Nbd7 12. Nc3 b5 13. a4 b4 14. Nd1 Rc8 15.
Bd2 e4 16. Ne1 exd3 17. Bxc6 Rxc6 18. exd3 Ne5 19. Ne3 Nfg4 20. Nf5 Bf6 21. h3
Qd7 22. hxg4 Nxg4 23. Nf3 Qxf5 24. Qd1 Qxd3 25. Re1 Bd4 26. Qc1 Bxf2+ 27. Kg2
Bxe1 28. Nxe1 Qe2+ 29. Kh3 Nf2+ 30. Kh4 Qg4# 0-1

[Event "Tournoi francophone 014 Groupe F"]
[Site "Skype"]
[Date "????.??.??"]
[Round "9.5"]
[White "Moraga Vasquez, Michael"]
[Black "Tolaro, Filippa"]
[Result "1/2-1/2"]
[WhiteElo "1000"]
[BlackElo "1065"]
[PlyCount "122"]

1. e4 c6 2. d4 d5 3. Nc3 dxe4 4. Nxe4 Bf5 5. Ng3 Bg6 6. Bc4 e6 7. Nf3 h6 8. O-O
Nf6 9. Re1 Bd6 10. Ne5 Bxe5 11. dxe5 Qxd1 12. Rxd1 Ng4 13. Re1 O-O 14. h3 b5
15. Bb3 Nxe5 16. Rxe5 Nd7 17. Re1 a5 18. a3 Nc5 19. Ba2 Bxc2 20. Be3 Nd3 21.
Re2 Ba4 22. Bb1 Ne5 23. Ba2 Rfd8 24. b3 Bxb3 25. Bxb3 a4 26. Bc2 Rd5 27. Rd2
Nc4 28. Rxd5 exd5 29. Bf5 Nd6 30. Bd7 c5 31. Bxc5 Ne4 32. Nxe4 dxe4 33. Bxb5
Rc8 34. Rc1 Ra8 35. Bc6 Ra6 36. Bxe4 g6 37. Bd3 Re6 38. Be3 h5 39. Rb1 Kh7 40.
Bc4 Re7 41. Bg5 Re5 42. f4 Rf5 43. Bd3 Rd5 44. Rd1 Rd6 45. Be7 Rb6 46. Rb1 Rc6
47. Rb4 Rc1+ 48. Kh2 Re1 49. Bf6 Re3 50. Bb1 Rxa3 51. Bc2 Kh6 52. Rxa4 Re3 53.
f5 gxf5 54. Ra6 f4 55. Bd4+ Re6 56. Rxe6+ fxe6 57. Be5 Kg5 58. Bb3 Kf5 59. Bc3
e5 60. Bc2+ e4 61. Bxe4+ Kxe4 1/2-1/2

[Event "Tournoi francophone 014 Groupe F"]
[Site "Skype"]
[Date "????.??.??"]
[Round "9.6"]
[White "Dib, Catherine"]
[Black "Montilla Bejarano, Carmen"]
[Result "0-1"]
[WhiteElo "1070"]
[BlackElo "1073"]
[PlyCount "68"]

1. c4 Nf6 2. d4 e6 3. Bd2 d5 4. cxd5 Nxd5 5. Nf3 Be7 6. g3 b6 7. Bg2 Bb7 8. O-O
O-O 9. Re1 Nd7 10. e4 Nb4 11. Bc1 c5 12. a3 Na6 13. Nc3 cxd4 14. Nxd4 e5 15.
Nf3 Ndc5 16. Qxd8 Raxd8 17. Nxe5 Nb3 18. Rb1 Nxc1 19. Rexc1 Nc5 20. b4 Ne6 21.
Rd1 Rxd1+ 22. Rxd1 Rc8 23. Ne2 Rc2 24. Nd4 Nxd4 25. Rxd4 Rc1+ 26. Bf1 Ba6 27.
Nc4 Bf6 28. e5 Be7 29. Rd7 Kf8 30. Rc7 Bd8 31. Rxa7 Bxc4 32. Rd7 Bxf1 33. Rxd8+
Ke7 34. Rd6 Bh3+ 0-1

[Event "Tournoi francophone 014 Groupe F"]
[Site "Skype"]
[Date "????.??.??"]
[Round "9.7"]
[White "Porcabeuf, Jean-Marc"]
[Black "Coude, Josue"]
[Result "1-0"]
[WhiteElo "1229"]
[BlackElo "1078"]
[PlyCount "47"]

1. e4 e5 2. Nf3 Nc6 3. d4 exd4 4. Nxd4 Bc5 5. Be3 Nxd4 6. Bxd4 Bxd4 7. Qxd4 Qf6
8. e5 Qe7 9. Bc4 d6 10. e6 Bxe6 11. Be2 Nf6 12. O-O c5 13. Bb5+ Bd7 14. Bxd7+
Qxd7 15. Re1+ Kf8 16. Qd2 Re8 17. Nc3 a6 18. h3 b5 19. Nd5 Nxd5 20. Qxd5 h5 21.
a3 Rxe1+ 22. Rxe1 c4 23. Qa8+ Qe8 24. Qxe8# 1-0